Comportamiento de los animales de granja / (Record no. 65161)

MARC details
000 -LEADER
campo de control de longitud fija 00515nam a2200157 i 4500
001 - NÚMERO DE CONTROL
campo de control 65161
003 - IDENTIFICADOR DE NÚMERO DE CONTROL
campo de control ES-MaACL
007 - CAMPO FIJO DE DESCRIPCIÓN FÍSICA--INFORMACIÓN GENERAL
campo de control de longitud fija t|
008 - DATOS DE LONGITUD FIJA--INFORMACIÓN GENERAL
campo de control de longitud fija 040109s1982 sp ||||1| spa d
100 1# - ENTRADA PRINCIPAL--NOMBRE DE PERSONA
Nombre de persona Fraser, Andrew F.
9 (RLIN) 52373
245 10 - MENCIÓN DEL TÍTULO
Título Comportamiento de los animales de granja /
Mención de responsabilidad, etc. Andrew F. Fraser ; traducido de la segunda ed. inglesa por E. Vigil Maeso.
260 ## - PUBLICACIÓN, DISTRIBUCIÓN, ETC.
Lugar de publicación, distribución, etc. Zaragoza :
Nombre del editor, distribuidor, etc. Acribia,
Fecha de publicación, distribución, etc. [1982]
300 ## - DESCRIPCIÓN FÍSICA
Extensión XVII, 291 :
Otras características físicas il. ;
Dimensiones 22 cm.
700 1# - ENTRADA AGREGADA--NOMBRE PERSONAL
Nombre de persona Vigil Maeso, E.
9 (RLIN) 114633
852 ## - LOCALIZACIÓN
Ubicación ES-MaACL
Número de control de estantería L-4129
Sublocalización o colección R.104530
Holdings
Estatus retirado Estado de pérdida Estado de daño No para préstamo Biblioteca de origen Biblioteca actual Ubicación en estantería Fecha de adquisición Fuente de adquisición Total de préstamos Signatura topográfica completa Código de barras Visto por última vez Precio de reemplazo Tipo de ítem Koha
        Biblioteca del Ateneo de Madrid Biblioteca del Ateneo de Madrid Depósito 2 17/01/2008     L-4129 1068271 23/02/2023 23/02/2023 Libro impreso